| 000 | 00775nab a2200241 a 4500 | ||
|---|---|---|---|
| 005 | 20210219161120.0 | ||
| 008 | 991125s1985 mx 000 0 spa u | ||
| 035 | _aUPN01000179281 | ||
| 100 | 1 | _aGutiérrez Martín, Alfonso | |
| 222 | _aREVISTA DE EDUCACION | ||
| 245 | _aLa formación de los futuros maestros y la integración de las TIC en la educación : anatomía de un desencuentro | ||
| 260 | _aMadrid, España | ||
| 300 | _a267-293 | ||
| 362 | 0 | _a2010 No. 353, sept.-dic. | |
| 653 | 0 | _aNUEVAS TECNOLOGIAS | |
| 653 | 0 | _aFORMACION DOCENTE | |
| 653 | 0 | _aALFABETIZACION DIGITAL | |
| 653 | 0 | _aEDUCACION BASICA | |
| 700 | 1 |
_aPalacios Picos, Andrés, _ecoaut. |
|
| 700 | 1 | _upalacios@psi.uva.es | |
| 700 | 1 |
_aTorrego Egido, Luis, _ecoaut. |
|
| 905 | _aArticulo | ||
| 999 |
_c151384 _d151384 |
||